La imagen ardiente : (Registro nro. 7232)

Detalles MARC
000 -LEADER
fixed length control field 01032nam a22002417a 4500
003 - CONTROL NUMBER IDENTIFIER
control field OSt
005 - DATE AND TIME OF LATEST TRANSACTION
control field 20210218111654.0
008 - FIXED-LENGTH DATA ELEMENTS--GENERAL INFORMATION
fixed length control field 210218s2017 ck ao||gr|||| 00| 0 spa d
020 ## - INTERNATIONAL STANDARD BOOK NUMBER
International Standard Book Number 9789587532418
040 ## - CATALOGING SOURCE
Original cataloging agency CP-JMCR
Transcribing agency CP-JMCR
041 0# - LANGUAGE CODE
Language code of text/sound track or separate title spa
082 04 - DEWEY DECIMAL CLASSIFICATION NUMBER
Classification number 709.861 /
Item number G516i
Edition number 23
100 1# - MAIN ENTRY--PERSONAL NAME
Personal name Giraldo Escobar, Sol Astrid
Relator term autor
9 (RLIN) 13620
245 13 - TITLE STATEMENT
Title La imagen ardiente :
Remainder of title Clemencia Echeverry /
Statement of responsibility, etc. Sol Astrid Giraldo Escobar
260 ## - PUBLICATION, DISTRIBUTION, ETC.
Place of publication, distribution, etc. Colombia :
Name of publisher, distributor, etc. Mincultura,
Date of publication, distribution, etc. 2017
300 ## - PHYSICAL DESCRIPTION
Extent 287 páginas :
Other physical details ilustraciones y fotografías a color y blanco y negro ;
Dimensions 24 cm.
490 ## - SERIES STATEMENT
Series statement Colección artistas colombianos ;
Volume/sequential designation 13
500 ## - GENERAL NOTE
General note Datos biográficos de la autora en solapa frontal.
505 0# - FORMATTED CONTENTS NOTE
Formatted contents note Una historia antes de la historia -- El mundo a través de una metáfora -- Las casas políticas -- Bestiarios políticos -- Para terminar, algunas ideas inconclusas -- Entrevista a Clemencia Echeverri
650 24 - SUBJECT ADDED ENTRY--TOPICAL TERM
Topical term or geographic name entry element Historia del arte
Chronological subdivision Siglo XX
9 (RLIN) 13621
650 24 - SUBJECT ADDED ENTRY--TOPICAL TERM
Topical term or geographic name entry element Arte colombiano
Chronological subdivision Siglo XX
9 (RLIN) 13622
942 ## - ADDED ENTRY ELEMENTS (KOHA)
Source of classification or shelving scheme Dewey Decimal Classification
Koha item type Books
Existencias
Withdrawn status Lost status Source of classification or shelving scheme Damaged status Not for loan Home library Current library Shelving location Date acquired Source of acquisition Total Checkouts Full call number Barcode Date last seen Copy number Price effective from Koha item type
    Dewey Decimal Classification     Biblioteca Pública José María del Castillo y Rada Biblioteca Pública José María del Castillo y Rada General Stacks 10/02/2020 Donación   709.861 / G516i 201810340 05/16/2024 Ej.1 10/02/2020 Books